上海市黄浦区所有以中国省、市、区、地理地名命名的道路 - Statistics

General Stats
  • This quiz has been taken 18 times
  • The average score is 37 of 103
Answer Stats
类型 地名所属地区/省/地级行政区 道路名称(答案) 提示 % Correct
省级 华东地区 台湾路 岛屿
85%
省级 西南地区 西藏路 中路 南路地铁4/8号线
85%
地级市 江苏省 南京路 东路西路
地铁2/10号线
地铁2/12/13号线
85%
省级 华东地区 福建路 北路南路 中路
77%
省级 华东地区 江西路 南路中路
77%
省级 华南地区 广东路
77%
直辖市 华北地区 北京路 东路西路
77%
直辖市 西南地区 重庆路 南路北路 中路
77%
地级市 福建省 福州路
77%
省级 华东地区 山东路 南路北路 中路
69%
省级 西南地区 云南路 南路北路 中路
69%
省级 西南地区 贵州路
69%
省级 华中地区 河南路 中路 南路
69%
省级 华中地区 湖北路
69%
直辖市 华北地区 天津路
69%
特别行政区 香港路
69%
地级市 广东省 中山路 东一路/二路南路、南一路/二路
69%
省级 华南地区 广西路 南路北路
62%
地级市 江苏省 苏州路 南路
62%
地级市 江苏省 无锡路 南路北路
62%
地级市 江西省 南昌路
62%
地级市 福建省 厦门路
62%
地级市 四川省 成都路 北路南路 跨黄浦、静安两区
62%
省级 西南地区 四川路 中路南路
54%
省级 华北地区 山西路 南路
54%
地级市 浙江省 宁波路
54%
地级市 浙江省 温州路
54%
地级市 浙江省 绍兴路
54%
地级市 山东省 济南路
54%
地级市 山东省 青岛路
54%
地级市 江西省 九江路
54%
地级市 安徽省 合肥路
54%
地级市 海南省 海口路
54%
地级市 陕西省 延安路 东路中路
54%
地级市 江苏省 盐城路
46%
地级市 浙江省 金华路
46%
地级市 广东省 汕头路
46%
地级市 广东省 茂名路 南路
46%
地级市 广西壮族自治区 北海路
46%
县级市 赣州市 瑞金路 一路二路 南路 医院
46%
县级市 苏州市 太仓路
46%
县级 无锡市 江阴路
46%
县级市 无锡市 江阴街
46%
历史地名 武汉市 汉口路
46%
地级市 山东省 威海路 部分在静安区
38%
地级市 江西省 吉安路
38%
地级市/盟 内蒙古自治区 兴安路
38%
市辖区 武汉市 黄陂路 北路南路
地铁1/14号线
38%
市辖区 福州市 长乐路
38%
县级 泉州市 金门路 台当局代管
38%
山脉 郑州市 嵩山路 五岳
38%
历史地名 绍兴市 会稽路 与一座山名相同
38%
水系 昆明市 滇池路
38%
县级市 杭州市 建德路
31%
镇级单位 嘉兴市 乌镇路 浙江知名5A景区大部分在静安区
31%
山脉 温州市 雁荡路
31%
水系 黄河路
31%
虚化地区名 华东地区 淮海路 东路中路 地铁13号线
31%
县级市 盐城市 东台路
23%
县级 滁州市 凤阳路 部分在静安区
23%
县级 温州市 永嘉路
23%
县级 绍兴市 新昌路
23%
市辖区 烟台市 芝罘路
23%
县级 惠州市 龙门路
23%
历史地名 南京市 金陵路 东路西路 中路
23%
县级市 三明市 永安路
15%
县级 宁波市 宁海路 西路东路
15%
县级 宁德市 寿宁路
15%
县级市 红河州 蒙自路 东路西路
15%
县级市 烟台市 蓬莱路
15%
市辖区 南京市 六合路
15%
市辖区 苏州市 虎丘路
15%
市辖区 荆州市 沙市路 一路二路
15%
市辖区 常州市 金坛路
15%
县级 怀化市 芷江路 侗族自治县中路 西路
15%
镇级/街道 温州市 瞿溪路
15%
山脉 安庆市 天柱山路
15%
景点 北京市 圆明园路
15%
县级市 江门市 开平路
8%
县级 保定市 定兴路
8%
县级 邢台市 巨鹿路
8%
县级 常德市 桃源路
8%
县级 广安市 武胜路
8%
县级 驻马店市 汝南街
8%
县级 兰州市 皋兰路
8%
市辖区 台湾 淡水路
8%
市辖区 邯郸市 永年路
8%
镇级单位 上海市 泗泾路 9号线同名地铁站
8%
镇级单位 苏州市 盛泽路
8%
景点 九江市 牯岭路
8%
历史地名 天津市 大沽路 跨黄浦、静安两区
8%
县级 商洛市 丹凤路
0%
县级 牡丹江市 宁安路
0%
县级 郴州市 安仁街
0%
县级 白银市 靖远街
0%
县级 黔西南州 普安路
0%
县级 吕梁市 柳林路
0%
县级 银川市 永宁街
0%
县级 咸阳市 永寿路
0%
县级 福州市 永泰街
0%
县级 铜仁市 思南路
0%
县级 玉林市 兴业路
0%
镇级单位 苏州市 平望路
0%
No matching quizzes found
Score Distribution
Percent of People with Each Score
Percentile by Number Answered
Your Score History
You have not taken this quiz